| 000 | 00527nmm a2200193Ia 4500 | ||
|---|---|---|---|
| 008 | 251105s9999||||xx |||||||||||||||||und|| | ||
| 020 | _a9788415996323 | ||
| 041 | _aspa | ||
| 100 | _aTownshend, Pete | ||
| 245 | 0 |
_aWho i am : _b Memorias |
|
| 264 |
_a[Madrid, España] : _bMalpaso Ediciones, _c2014 |
||
| 300 | _a534 páginas | ||
| 490 | _aCultura Popular | ||
| 650 | _aBiography | ||
| 700 | _aTownshend, Pete | ||
| 700 | 1 | _a Izquierdo, Miguel | |
| 856 | _uhttps://public.digitaliapublishing.com/a/88152 | ||
| 942 | _cCF | ||
| 999 |
_c72030 _d72030 |
||